000 01716cam a22004574i 4500
003 PE-LiUPU
005 20250731173136.0
008 150623s r 000 0 d
020 _a0829402853
035 _a(Sirsi) i9780829402858
040 _aPE-LiUPU
_bspa
_cPE-LiUPU
_erda
049 _aPRUA
082 0 4 _a241
_bD86
_221
245 0 0 _aDoing evil to achieve good :
_bmoral choice in conflict situations /
_cRichard McCormick, ed.
264 1 _aChicago, Illinois :
_bLoyola University Press,
_c1978.
300 _a267 páginas ;
_c32 centímetros
336 _atext
_2rdacontent
337 _aunmediated
_2rdamedia
338 _avolume
_2rdacarrier
504 _aIncluye bibliografía.
505 0 _aAmbiguity in moral choice. The problem of exceptions in medical ethics. Incommensurability and indeterminancy in moral choice. McCormick and the traditional distinction. The double effect in catholic thought: a reevaluation. A commentary on the commentaries.
526 _aSEG42
526 _aSEG41
526 _aSEG40
526 _aSEG39
526 _aP94
526 _aP87
526 _aP86
526 _aP85
526 _aP77
526 _aP76
526 _aP35
650 0 4 _aEtica cristiana.
_91047
700 1 _aMcCormick, Richard,
_eed.
942 _2ddc
_cBOOK
949 _a241 D86
_wDEWEY
_c1
_i52302
_lCCODEBUL1
_mBUL
_p7.00
_r0
_sY
_tBOOK
_u2015-6-24
_xTEOLOGIA
_PP35
_0COMPRA
_o.STAFF. Colección General
994 _aC0
_bPEPRU
596 _a1
999 _a241 D86
_wDEWEY
_c34121
_i52302
_f2021-11-10
_g5
_lCCODEBUL1
_mBUL
_p7.00
_r0
_sY
_tBOOK
_u2015-6-24
_xTEOLOGIA
_PP35
_0COMPRA
_o.STAFF. Colección General
_d34121
980 _81
_gALBERTO SANCHEZ Responsable de Automatización